| 000 | 00691nam a2200181 4500 | ||
|---|---|---|---|
| 003 | LK-CoMWRAF | ||
| 005 | 20231213212933.0 | ||
| 008 | 231213b |||||||| |||| 00| 0 eng d | ||
| 020 | _a9789554746411 | ||
| 040 |
_aLK-CoMWRAF _dLK-CoMWRAF _eLK-CoMWRAF |
||
| 041 | _asin | ||
| 082 |
_a321.009 _bNAW |
||
| 245 | _aනව ආණ්ඩුක්රම ව්යවස්ථාවකට පෙරවදනක් | ||
| 246 | _aNawa andukrama wyawasthawakata perawadanak | ||
| 260 |
_aකොළඹ : _bවිකල්ප ප්රතිපත්ති කේන්ද්රය _c2015 |
||
| 650 | _aආණ්ඩුක්රම ව්යවස්ථාව | ||
| 942 | _cBK | ||
| 999 |
_c4433 _d4433 |
||